000 02069nam0a2200325 4500
001 RU\NLR\BIBL_A\011738334
005 20180703161626.0
010 _a978-5-86151-619-8
_91000
021 _aRU
_bКН-П-18-038317
_9КН-П-18-2759
035 _a(NLR Aleph) 011738334
035 _a(RuMoRGB)009644772
090 _a11564984
_c11564984
100 _a20180627d2017 k y0rusy50 ca
101 0 _arus
102 _aRU
105 _aaj||z|||000zy
200 1 _aАнализ систем автоматизированной сборки
_eмонография
_fКузнецова Светлана Владимировна
_gМинистерство образования и науки Российской Федерации, Федеральное государственное бюджетное образовательное учреждение высшего образования "Ковровская государственная технологическая академия имени В.А. Дегтярева"
210 _aКовров
_cФедеральное государственное бюджетное образовательное учреждение высшего образования "Ковровская государственная технологическая академия имени В.А. Дегтярева"
_d2017
215 _a160 с.
_cил., схем.
_d21
320 _aБиблиогр.: с. 150-159 (87 назв.)
606 1 _aМашины
_xСборка
_xАвтоматизация
_91125191
_3RU\NLR\AUTH\66126680
606 1 _aДетали машин
_xСоединения
_xСборка автоматическая
_9948981
_3RU\NLR\AUTH\66352426
686 1 _aК680.2-52
686 1 _aК682.02-52
700 1 _7ca
_8rus
_aКузнецова
_bС. В.
_cканд. техн. наук, автоматизация
_gСветлана Владимировна
_9103439
_3RU\NLR\AUTH\77120514
942 _cBOOK
980 _aNBR
980 _aNB